Elasticity, second edition : (Record no. 29736)

000 -LEADER
fixed length control field 00606 a2200181 4500
020 ## - INTERNATIONAL STANDARD BOOK NUMBER
International Standard Book Number 0123744466
020 ## - INTERNATIONAL STANDARD BOOK NUMBER
International Standard Book Number 9780123744463
082 ## - DEWEY DECIMAL CLASSIFICATION NUMBER
Classification number 531.382
090 ## - LOCALLY ASSIGNED LC-TYPE CALL NUMBER (OCLC); LOCAL CALL NUMBER (RLIN)
-- 1121
-- 1121
100 1# - MAIN ENTRY--PERSONAL NAME
Personal name Sadd, Martin H.
245 10 - TITLE STATEMENT
Title Elasticity, second edition :
Remainder of title theory, applications, and numerics /
Statement of responsibility, etc. Martin H. Sadd.
250 ## - EDITION STATEMENT
Edition statement 2nd ed.
260 ## - PUBLICATION, DISTRIBUTION, ETC.
Place of publication, distribution, etc. [S.l.] :
Name of publisher, distributor, etc. Academic Press,
Date of publication, distribution, etc. 2009.
300 ## - PHYSICAL DESCRIPTION
Extent 552 p. ;
Dimensions 27 cm.
700 ## - ADDED ENTRY--PERSONAL NAME
Personal name Sadd, Martin H.
942 ## - ADDED ENTRY ELEMENTS (KOHA)
Institution code [OBSOLETE] SNS
Koha item type Book
Call number prefix 531.382 SAD
Holdings
Withdrawn status Lost status Damaged status Not for loan Permanent Location Current Location Date acquired Total Checkouts Full call number Barcode Date last seen Price effective from Koha item type
        School of Natural Sciences (SNS) School of Natural Sciences (SNS) 05/26/2016   531.382 SAD SNS0001625 05/26/2016 05/26/2016 Book
© 2023 Central Library, National University of Sciences and Technology. All Rights Reserved.